Institut del Teatre
Descripción Física:
[12] p., 9 f. solts : il. col. ; 17 cm
MARC
| LEADER | 00000nam a2200000Ia 4500 | ||
|---|---|---|---|
| 001 | 19628 | ||
| 008 | 160829s1998 xx 000 0 cat d | ||
| 080 | |a FU-9-57 | ||
| 110 | 1 | |a Institut del Teatre (Barcelona, Catalunya) |9 52662 | |
| 245 | |a Institut del Teatre | ||
| 260 | |a Barcelona : |b l'Institut : |b Diputació de Barcelona, |c 1998 | ||
| 300 | |a [12] p., 9 f. solts : |b il. col. ; |c 17 cm | ||
| 590 | |a Informació de les especialitats, escoles i centres del curs 1998 / 1999. | ||
| 590 | |a Text en català. | ||
| 590 | |a Hi ha un exemplar en castellà amb R. 19629 i en anglès amb R. 19630 | ||
| 610 | 1 | 0 | |a Institut del Teatre (Barcelona, Catalunya) |9 52662 |
| 710 | 1 | |a Barcelona (Catalunya : Província). |b Diputació |9 52408 | |
| 901 | |a Arxiu | ||
| 942 | |n 1 | ||
| 952 | |0 0 |1 0 |4 0 |6 FU957 |7 1 |9 49414 |a Arxiu |b Arxiu |d 2016-12-01 |l 0 |o FU-9-57 |p 19628 |r 2016-12-01 00:00:00 |w 2016-12-01 |y ARXIU | ||
| 999 | |c 53256 |d 53256 | ||